Normal view
MARC view
- محكمة العدل العليا -- الاردن
Entry Topical Term
001 - CONTROL NUMBER
- control field: 46937
003 - CONTROL NUMBER IDENTIFIER
- control field: JO-AjAnu
005 - DATE AND TIME OF LATEST TRANSACTION
- control field: 20230606081743.0
008 - FIXED-LENGTH DATA ELEMENTS
- fixed length control field: 230606|| aca||aabn | a|a d
040 ## - CATALOGING SOURCE
- Original cataloging agency: JO-AjAnu
- Transcribing agency: JO-AjAnu
150 ## - HEADING--TOPICAL TERM
- Topical term or geographic name entry element: محكمة العدل العليا -- الاردن
670 ## - SOURCE DATA FOUND
- Source citation: Work cat.: (JO-AjAnu)24023: اعداد المكتب الفني بادارة ابراهيم ابو رحمة , author 46936, المبادئ القانونية لمحكمة العدل العليا : المنشورة في مجلة نقابة المحامين منذ بداية سنة 1993 وحتى نهاية سنة 1997، القسم الثالث (ف - و)